| 000 | 00642nam a2200217 a 4500 | ||
|---|---|---|---|
| 001 | BRL_1660 | ||
| 005 | 20190320211318.0 | ||
| 008 | 220414s1983----mx-#######---#000-0#spa-# | ||
| 041 | _aspa | ||
| 044 | _amx | ||
| 050 | 4 |
_aF1359 _b.M36 1983 |
|
| 100 | 1 |
_aManso de Contreras, Christobal _927561 |
|
| 245 | 1 | 0 |
_aLa rebelión de Tehuantepec _cChristobal Manso de Contreras. |
| 260 |
_aJuchitán, Oaxaca _bH. Ayuntamiento Popular _c1983 |
||
| 300 |
_a59 p. _c23 cm. |
||
| 500 | _aAu1865 | ||
| 651 | 4 |
_aTehuantepec, Istmo (México) _xHistoria _927562 |
|
| 651 | 4 |
_aMéxico _xHistoria _yColonia, 1540-1810 _9208 |
|
| 902 | _aGRL | ||
| 942 |
_2lcc _cB |
||
| 999 |
_c10469 _d10469 |
||